Hammers - Statistics

General Stats
  • This quiz has been taken 28 times
  • The average score is 5 of 16
Answer Stats
Picture Answer % Correct
Sledge Hammer
80%
Gavel
76%
Jack Hammer
68%
Claw Hammer
56%
Rubber Mallet
48%
Ball-Peen Hammer
44%
Croquet Mallet
28%
Meat Tenderizer
28%
Dead Blow Hammer
24%
Geologist's Hammer
20%
Reflex Hammer
20%
War Hammer
20%
Wooden Mallet
16%
Lump Hammer
8%
Maul
4%
Carving Mallet
0%
No matching quizzes found
Score Distribution
Percent of People with Each Score
Percentile by Number Answered
Your Score History
You have not taken this quiz